| 000 | 00440pab a2200169 454500 | ||
|---|---|---|---|
| 008 | 180718b1997 xxu||||| |||| 00| 0 eng d | ||
| 100 | _aSunanda Bhagwat | ||
| 245 | _aTraditional healing practices in rural Karnataka | ||
| 260 | _c1997 | ||
| 300 | _ap.71-82 | ||
| 362 | _aMar | ||
| 650 | _aRural development - India - Karnataka | ||
| 650 | _aHealth services | ||
| 700 | _aChirmulay, Deepti | ||
| 773 | _aMan in India | ||
| 909 | _a34051 | ||
| 999 |
_c34051 _d34051 |
||